ప్రాథమిక ద్వితీయ రంగులు - Statistics

General Stats
  • This quiz has been taken 8 times
  • The average score is 5 of 6
Answer Stats
రంగు % Correct
నీలం
100%
ఎఱుపు
80%
పసుపుపచ్చ
80%
ఆకుపచ్చ
80%
ఊదా
80%
నారింజ
60%
No matching quizzes found
Score Distribution
Percent of People with Each Score
Percentile by Number Answered
Your Score History
You have not taken this quiz